[Event "Chigorin Memorial 2019"]
[Site "St Petersburg RUS"]
[Date "2019.10.07"]
[Round "3.12"]
[White "Moroni, Luca Jr"]
[Black "Obgolts, Erik"]
[Result "1/2-1/2"]
[WhiteTitle "GM"]
[BlackTitle "FM"]
[WhiteElo "2553"]
[BlackElo "2352"]
[WhiteFideId "865834"]
[BlackFideId "24199044"]
[EventDate "2019.10.05"]

1. d4 Nf6 2. c4 g6 3. g3 Bg7 4. Bg2 O-O 5. Nc3 d6 6. Nf3 Nc6 7. O-O Bf5 8. Nh4
Bd7 9. f4 Ng4 10. d5 Na5 11. h3 Nf6 12. Qd3 c6 13. dxc6 Nxc6 14. e4 Rc8 15. Be3
a6 16. Rfd1 Nb4 17. Qe2 Qc7 18. c5 Rfe8 19. Rac1 Nc6 20. Qf2 Qb8 21. Nd5 Nxd5
22. exd5 Nd8 23. b4 Ba4 24. Re1 e6 25. dxe6 fxe6 26. Bd4 Bxd4 27. Qxd4 dxc5 28.
Rxc5 Rxc5 29. bxc5 Bc6 30. Nf3 Nf7 31. Qc3 Qd8 32. Nh2 Bxg2 33. Ng4 Bc6 34. Nf6+
Kf8 35. Nxh7+ Kg8 36. Nf6+ Kf8 37. Nh7+ Kg8 38. Nf6+ Kf8 39. Nh7+ Kg8 1/2-1/2

[Event "Chigorin Memorial 2019"]
[Site "St Petersburg RUS"]
[Date "2019.10.07"]
[Round "3.13"]
[White "Bublei, Pavel"]
[Black "Bocharov, Ivan"]
[Result "0-1"]
[WhiteTitle "FM"]
[BlackTitle "IM"]
[WhiteElo "2358"]
[BlackElo "2557"]
[WhiteFideId "24112593"]
[BlackFideId "4180887"]
[EventDate "2019.10.05"]

1. d4 Nf6 2. Nf3 e6 3. c4 b6 4. a3 Bb7 5. Nc3 d5 6. Qc2 dxc4 7. e4 c5 8. Bxc4
cxd4 9. Qa4+ Nbd7 10. Nxd4 a6 11. Bxe6 b5 12. Bxf7+ Kxf7 13. Qb3+ Ke8 14. O-O
Nc5 15. Qd1 Be7 16. e5 Nfe4 17. Nxe4 Bxe4 18. b4 Nb3 0-1

[Event "Chigorin Memorial 2019"]
[Site "St Petersburg RUS"]
[Date "2019.10.07"]
[Round "3.14"]
[White "Iljiushenok, Ilia"]
[Black "Nandhidhaa, P V"]
[Result "1/2-1/2"]
[WhiteTitle "GM"]
[BlackTitle "WIM"]
[WhiteElo "2540"]
[BlackElo "2348"]
[WhiteFideId "24105074"]
[BlackFideId "5050847"]
[EventDate "2019.10.05"]

1. e4 c5 2. Nf3 e6 3. d4 cxd4 4. Nxd4 Nc6 5. Nc3 Qc7 6. g3 a6 7. Bg2 Nf6 8. O-O
Nxd4 9. Qxd4 Bc5 10. Bf4 d6 11. Qd2 h6 12. Rad1 e5 13. Be3 Be6 14. Bxc5 dxc5 15.
Nd5 Bxd5 16. exd5 Qd6 17. f4 O-O 18. fxe5 Qxe5 19. d6 Qxb2 20. d7 Rad8 21. Bh3
b5 22. Rfe1 Qxa2 23. Qc3 Qa4 24. Qxc5 Ne4 25. Qc6 Ng5 26. Bg2 Qg4 27. Rd2 h5 28.
c3 h4 29. Rd4 Nh3+ 30. Kf1 Qf5+ 31. Qf3 Qxf3+ 32. Bxf3 Ng5 33. Bc6 hxg3 34. hxg3
Ne6 35. Rd6 Rb8 36. Bd5 Rfd8 37. Bxe6 fxe6 38. Rexe6 Kf7 39. g4 Rxd7 40. Rxd7+
Kxe6 41. Rxg7 Kd5 42. Rc7 Rg8 43. Ke2 Rxg4 44. Kd2 a5 45. Kc2 a4 46. Kb2 Rg2+
47. Kb1 a3 48. Rc8 Ke4 49. Ra8 Rb2+ 50. Kc1 Kd3 51. Rxa3 Rc2+ 52. Kb1 Rxc3 53.
Ra8 Kc4 54. Kb2 Rh3 55. Rc8+ Kb4 56. Rc2 1/2-1/2

[Event "Chigorin Memorial 2019"]
[Site "St Petersburg RUS"]
[Date "2019.10.07"]
[Round "3.15"]
[White "Svetushkin, Dmitry"]
[Black "Gubajdullin, Alexei"]
[Result "0-1"]
[WhiteTitle "GM"]
[BlackTitle "FM"]
[WhiteElo "2534"]
[BlackElo "2345"]
[WhiteFideId "13900463"]
[BlackFideId "4141202"]
[EventDate "2019.10.05"]

1. e4 e5 2. Nf3 Nf6 3. d4 Nxe4 4. dxe5 d5 5. Nbd2 Nxd2 6. Bxd2 Bf5 7. Bd3 Qd7 8.
O-O Nc6 9. Re1 Bc5 10. a3 O-O 11. b4 Bb6 12. Bg5 Bg4 13. h3 Bh5 14. c3 Rae8 15.
Qc2 h6 16. Bh7+ Kh8 17. Bf5 Re6 18. Bh4 Bxf3 19. gxf3 Rfe8 20. f4 Ne7 21. Bd3 0-1

[Event "Chigorin Memorial 2019"]
[Site "St Petersburg RUS"]
[Date "2019.10.07"]
[Round "3.16"]
[White "Smirnov, Timofey"]
[Black "Afanasiev, Nikita"]
[Result "1/2-1/2"]
[WhiteTitle "FM"]
[BlackTitle "IM"]
[WhiteElo "2354"]
[BlackElo "2520"]
[WhiteFideId "24176427"]
[BlackFideId "24183555"]
[EventDate "2019.10.05"]

1. e4 e5 2. Nf3 Nc6 3. Bb5 a6 4. Ba4 Nge7 5. O-O g6 6. c3 Bg7 7. d4 exd4 8. cxd4
b5 9. Bb3 d6 10. h3 O-O 11. Nc3 Na5 12. Bc2 c5 13. dxc5 dxc5 14. Qxd8 Rxd8 15.
Be3 Nb7 16. e5 Bf5 17. Be4 Bxe4 18. Nxe4 Nc6 19. Bg5 Rd3 20. Bf6 Bxf6 21. exf6
h6 22. Rac1 Rad8 23. Nxc5 Nxc5 24. Rxc5 R3d6 25. Nh2 Kh7 26. Rfc1 Nd4 27. Kf1
Rxf6 28. Ng4 Re6 29. Rc7 Kg7 30. Ne3 Red6 31. h4 Ne6 32. R7c6 Rd2 33. R1c2 Nf4
34. Rxd2 Rxd2 35. Rc2 Rxc2 36. Nxc2 Nd3 37. b4 Kf6 38. a3 Ke5 39. Ke2 Nf4+ 40.
Kf3 Ne6 41. Ke3 Kd5 42. Ne1 Nd4 43. Kd3 Nc6 44. f4 Nd4 45. g4 f5 46. Ng2 Nf3 47.
gxf5 gxf5 48. h5 Ke6 49. Ne3 Ng1 50. Nc2 Nf3 51. Ke2 Nh2 52. Nd4+ Kf6 53. Nb3
Ng4 54. Nc5 Ke7 55. Nxa6 Kd6 56. Nc5 Nf6 57. a4 1/2-1/2

[Event "Chigorin Memorial 2019"]
[Site "St Petersburg RUS"]
[Date "2019.10.07"]
[Round "3.17"]
[White "Gabdrakhmanov, Azat"]
[Black "Vokhidov, Shamsiddin"]
[Result "0-1"]
[WhiteTitle "FM"]
[BlackTitle "IM"]
[WhiteElo "2353"]
[BlackElo "2519"]
[WhiteFideId "34189197"]
[BlackFideId "14204223"]
[EventDate "2019.10.05"]

1. e4 c5 2. Nf3 Nc6 3. c4 e6 4. Nc3 Nge7 5. d4 Nxd4 6. Nxd4 cxd4 7. Qxd4 Nc6 8.
Qd2 Bc5 9. Be2 O-O 10. O-O d6 11. b3 e5 12. Bb2 a6 13. Kh1 Be6 14. f4 exf4 15.
Qxf4 Bd4 16. Na4 Be5 17. Bxe5 dxe5 18. Qg3 Nd4 19. Bg4 Bxg4 20. Qxg4 b5 21. cxb5
axb5 22. Nc3 Qd6 23. Nd5 f5 24. Qh4 Kh8 25. a4 Nxb3 26. Rad1 bxa4 27. exf5 Nd4
28. Ne7 Qf6 29. Ng6+ Kg8 30. Qxf6 Rxf6 31. Nxe5 Rxf5 32. Rxf5 Nxf5 33. Ra1 a3
34. Ra2 Nd6 35. Kg1 Nb5 36. Nc4 Ra4 37. Ne3 Nc3 38. Ra1 a2 39. Nc2 Rc4 40. Kf1
Rc8 41. Nb4 Rb8 42. Nxa2 Ra8 43. Rc1 Nxa2 44. Rc4 Rb8 45. g3 Nb4 46. Kg2 h6 47.
h4 Nd5 48. Rc5 Nf6 49. Kh3 Rb3 50. Re5 h5 51. Kg2 Kh7 52. Re2 Ng4 53. Kh3 Kg6
54. Re6+ Kf5 55. Ra6 Nf2+ 56. Kh2 Ne4 57. Ra4 Nxg3 58. Ra5+ Kf4 0-1

[Event "Chigorin Memorial 2019"]
[Site "St Petersburg RUS"]
[Date "2019.10.07"]
[Round "3.18"]
[White "Burmakin, Vladimir"]
[Black "Maltsevskaya, Aleksandra"]
[Result "1-0"]
[WhiteTitle "GM"]
[BlackTitle "WGM"]
[WhiteElo "2496"]
[BlackElo "2333"]
[WhiteFideId "4105109"]
[BlackFideId "24174041"]
[EventDate "2019.10.05"]

1. Nf3 Nf6 2. b3 g6 3. Bb2 Bg7 4. e3 O-O 5. Be2 d6 6. d4 Nbd7 7. O-O e5 8. dxe5
Ng4 9. c4 Ngxe5 10. Nc3 Nxf3+ 11. Bxf3 Ne5 12. Be2 Be6 13. Qd2 a5 14. Rad1 Re8
15. Nb5 a4 16. f4 Nd7 17. Bxg7 Kxg7 18. Bf3 axb3 19. axb3 Qc8 20. Ra1 Rxa1 21.
Rxa1 f6 22. Ra7 Nc5 23. b4 Bxc4 24. bxc5 Bxb5 25. Rxb7 Ba6 26. cxd6 Rd8 27. Ra7
Kh6 28. Qa5 Qe6 29. Rxa6 Qxe3+ 30. Kf1 Qxf4 31. Qxc7 Rb8 32. Ra1 Qxh2 33. Qxb8
Qh1+ 34. Kf2 Qxa1 35. Qf8+ Kg5 36. Qe7 Qa5 37. Qe3+ Kf5 38. g4# 1-0

[Event "Chigorin Memorial 2019"]
[Site "St Petersburg RUS"]
[Date "2019.10.07"]
[Round "3.19"]
[White "Ponfilenok, Vladimir"]
[Black "Zontakh, Andrey"]
[Result "0-1"]
[BlackTitle "GM"]
[WhiteElo "2348"]
[BlackElo "2485"]
[WhiteFideId "24113522"]
[BlackFideId "14101130"]
[EventDate "2019.10.05"]

1. d4 Nf6 2. c4 e6 3. g3 d5 4. Nf3 dxc4 5. Bg2 a6 6. O-O Nc6 7. e3 Bd7 8. Qe2
Bd6 9. Qxc4 O-O 10. Nc3 Rb8 11. b3 e5 12. dxe5 Nxe5 13. Nxe5 Bxe5 14. Rd1 Qe7
15. Bb2 Be6 16. Qe2 c6 17. h3 Rbd8 18. f4 Bxc3 19. Bxc3 Bd5 20. Bxf6 Qxf6 21. e4
Be6 22. Rxd8 Rxd8 23. Rd1 g6 24. Rd2 Qe7 25. Qd1 Qc5+ 26. Kh2 Rxd2 27. Qxd2 Qe7
28. Qd4 h5 29. Kg1 Kh7 30. e5 Qa3 31. Qd2 a5 32. Qe2 a4 33. Be4 axb3 34. axb3
Kg7 35. Kh2 Qxb3 36. f5 gxf5 37. Qxh5 Qe3 38. Bg2 Qd2 39. Qh4 c5 40. Qf6+ Kg8
41. h4 c4 42. h5 Kh7 43. g4 Qf4+ 0-1

[Event "Chigorin Memorial 2019"]
[Site "St Petersburg RUS"]
[Date "2019.10.07"]
[Round "3.20"]
[White "Nesterov, Arseniy"]
[Black "Mnatsakanian, Arsen"]
[Result "1-0"]
[WhiteElo "2473"]
[BlackElo "2321"]
[WhiteFideId "24198455"]
[BlackFideId "24189820"]
[EventDate "2019.10.05"]

1. d4 Nf6 2. c4 d6 3. Nc3 g6 4. Nf3 Bg7 5. g3 O-O 6. Bg2 c6 7. O-O Nbd7 8. e4 e5
9. h3 Re8 10. Re1 Qc7 11. Be3 a5 12. Qc2 exd4 13. Nxd4 Nc5 14. Rad1 a4 15. b4
axb3 16. axb3 Na6 17. Qd2 Nd7 18. Nde2 Ndc5 19. Rb1 Nb4 20. Na4 Nbd3 21. Red1
Nxa4 22. Qxd3 Nb2 23. Qxd6 Qa5 24. Rf1 Qa2 25. Qd2 Qxb3 26. Nd4 Qxc4 27. Rxb2
Rd8 28. Rb4 Qa6 29. Qc2 Qa5 30. Rc4 1-0

[Event "Chigorin Memorial 2019"]
[Site "St Petersburg RUS"]
[Date "2019.10.07"]
[Round "3.21"]
[White "Pourramezanali, Amirreza"]
[Black "Postnikov, Artem"]
[Result "1-0"]
[WhiteTitle "GM"]
[BlackTitle "FM"]
[WhiteElo "2487"]
[BlackElo "2297"]
[WhiteFideId "12511412"]
[BlackFideId "34153575"]
[EventDate "2019.10.05"]

1. e4 c6 2. Nf3 d5 3. Nc3 Bg4 4. h3 Bxf3 5. Qxf3 e6 6. Be2 Nd7 7. d4 dxe4 8.
Nxe4 Ngf6 9. O-O Nxe4 10. Qxe4 Nf6 11. Qd3 Be7 12. c4 O-O 13. Be3 Qc7 14. Bf3
Rfd8 15. Qb3 Bd6 16. g3 e5 17. c5 Be7 18. dxe5 Nd5 19. Bxd5 Rxd5 20. Rad1 Rad8
21. Rxd5 Rxd5 22. Rd1 Rxd1+ 23. Qxd1 Qxe5 24. Qd7 g5 25. b4 a5 26. Qxb7 axb4 27.
Qxc6 Qa1+ 28. Kh2 Qxa2 29. Qe8+ Bf8 30. c6 Qc2 31. Qd7 b3 32. c7 b2 33. c8=Q
b1=Q 34. Qxf8+ Kxf8 35. Qd8+ Kg7 36. Bd4+ Kh6 37. Qf8+ Kg6 38. Qg7+ Kf5 39. Qe5+
Kg6 40. Qf6+ Kh5 41. g4+ Kh4 42. Qh6# 1-0

[Event "Chigorin Memorial 2019"]
[Site "St Petersburg RUS"]
[Date "2019.10.07"]
[Round "3.22"]
[White "Goltseva, Ekaterina"]
[Black "Peng, Xiongjian"]
[Result "0-1"]
[WhiteTitle "FM"]
[WhiteElo "2317"]
[BlackElo "2476"]
[WhiteFideId "24173770"]
[BlackFideId "8610550"]
[EventDate "2019.10.05"]

1. d4 d6 2. Nf3 Nf6 3. c4 g6 4. Nc3 Bf5 5. Qb3 b6 6. g3 Nc6 7. Bg2 Bg7 8. Qa4
Bd7 9. Qd1 O-O 10. O-O a6 11. b3 Rb8 12. Bb2 b5 13. cxb5 axb5 14. Ne1 b4 15. Nb1
e5 16. dxe5 Nxe5 17. Nd3 Nxd3 18. exd3 Bf5 19. Qc2 Nh5 20. Bxg7 Nxg7 21. Nd2 Ne6
22. Qc4 c5 23. Nf3 d5 24. Qc2 c4 25. bxc4 dxc4 26. Qxc4 Bxd3 27. Qc1 Bxf1 28.
Qxf1 Qf6 29. Rb1 Rfc8 30. Qe1 Qc3 31. Ne5 Kg7 32. h4 Nd4 33. Qd1 Rd8 34. Qg4 f5
35. Qd1 Nc6 36. Nd7 Ne5 37. Qd6 Nxd7 38. Qe7+ Kh8 39. Rd1 Qg7 0-1

[Event "Chigorin Memorial 2019"]
[Site "St Petersburg RUS"]
[Date "2019.10.07"]
[Round "3.23"]
[White "Iliaguev, Nisim"]
[Black "Zhao, Yuanhe"]
[Result "0-1"]
[WhiteTitle "FM"]
[WhiteElo "2310"]
[BlackElo "2457"]
[WhiteFideId "2817276"]
[BlackFideId "8609497"]
[EventDate "2019.10.05"]

1. d4 d5 2. c4 c6 3. g3 Nf6 4. Nf3 Bf5 5. Bg2 e6 6. Nc3 Nbd7 7. O-O Be7 8. b3
Ne4 9. Bb2 O-O 10. Nd2 Nxc3 11. Bxc3 Nf6 12. e3 a5 13. Qe2 Bb4 14. Rfc1 Qe7 15.
Bxb4 axb4 16. e4 dxe4 17. Nxe4 Bxe4 18. Bxe4 Rfd8 19. Rd1 Qc7 20. Rd2 Rd7 21.
Bf3 Rad8 22. Rad1 h6 23. h4 b6 24. Kg2 c5 25. dxc5 bxc5 26. Qe3 Kf8 27. Rxd7
Rxd7 28. Rxd7 Nxd7 29. Qe4 Ke7 30. Qa8 Ne5 31. Qe4 f5 32. Qa8 g5 33. hxg5 hxg5
34. Qg8 g4 35. Qg5+ Kf7 36. Qh5+ Ke7 37. Qg5+ 0-1

[Event "Chigorin Memorial 2019"]
[Site "St Petersburg RUS"]
[Date "2019.10.07"]
[Round "3.24"]
[White "Stukan, Martin"]
[Black "Yanchenko, Roman"]
[Result "0-1"]
[WhiteTitle "FM"]
[BlackTitle "FM"]
[WhiteElo "2295"]
[BlackElo "2454"]
[WhiteFideId "34171980"]
[BlackFideId "4137329"]
[EventDate "2019.10.05"]

1. e4 e6 2. d4 d5 3. Nc3 Bb4 4. e5 Ne7 5. a3 Bxc3+ 6. bxc3 b6 7. Qg4 Kf8 8. Nh3
h5 9. Qf3 Kg8 10. Bg5 Qe8 11. Nf4 h4 12. Qg4 Ba6 13. Bxa6 Nxa6 14. Bxh4 Ng6 15.
Nxg6 fxg6 16. Bg5 c5 17. a4 cxd4 18. cxd4 Rc8 19. O-O Nb4 20. a5 b5 21. Rab1 Rc4
22. c3 Nc6 23. Qe2 a6 24. Bd2 Qf7 25. f3 Kf8 26. g4 Ke8 27. Qd3 Kd7 28. f4 Kc7
29. f5 gxf5 30. gxf5 Ne7 31. fxe6 Qxe6 32. Rf2 Rh3 33. Qe2 Qg6+ 0-1

[Event "Chigorin Memorial 2019"]
[Site "St Petersburg RUS"]
[Date "2019.10.07"]
[Round "3.25"]
[White "Yeritsyan, Hayk"]
[Black "Korchmar, Vasiliy"]
[Result "0-1"]
[BlackTitle "IM"]
[WhiteElo "2292"]
[BlackElo "2432"]
[WhiteFideId "13307320"]
[BlackFideId "24131750"]
[EventDate "2019.10.05"]

1. d4 Nf6 2. c4 e6 3. Nc3 Bb4 4. e3 O-O 5. Ne2 Re8 6. a3 Bf8 7. d5 exd5 8. cxd5
a5 9. Ng3 Bc5 10. Be2 d6 11. O-O Nbd7 12. h3 Ne5 13. Bd2 Bd7 14. a4 c6 15. dxc6
Bxc6 16. Rc1 Qb6 17. Nb5 Nd5 18. Nf5 Re6 19. Nbd4 Rf6 20. Nxc6 bxc6 21. e4 Nb4
22. Qb3 Re8 23. Qg3 Rg6 24. Qh4 Rge6 25. Bc3 Ng6 26. Qg3 Na2 27. Rcd1 Rxe4 28.
Bh5 Nxc3 29. Qxc3 R8e5 30. Bxg6 hxg6 31. Nxd6 Bxd6 32. Rxd6 Rc5 33. Qd2 Kh7 34.
Rd7 Rf5 35. Qc2 Rb4 36. Rb1 c5 37. Rd2 Qc6 38. Ra1 Rg5 39. g3 Rh4 40. Re1 f5 41.
Qd3 f4 42. Qe4 Qc8 43. Kg2 Rhh5 44. Red1 fxg3 45. fxg3 Re5 46. Qg4 Qc6+ 47. Kh2
Re4 48. Rd6 Qxd6 0-1

[Event "Chigorin Memorial 2019"]
[Site "St Petersburg RUS"]
[Date "2019.10.07"]
[Round "3.26"]
[White "Kardashevskiy, Evgeny"]
[Black "Bulavin, Alexander"]
[Result "1/2-1/2"]
[WhiteTitle "FM"]
[BlackTitle "FM"]
[WhiteElo "2428"]
[BlackElo "2256"]
[WhiteFideId "24108138"]
[BlackFideId "4178033"]
[EventDate "2019.10.05"]

1. d4 Nf6 2. Nf3 e6 3. c4 Bb4+ 4. Nbd2 O-O 5. a3 Bxd2+ 6. Qxd2 d6 7. e3 Qe7 8.
Be2 e5 9. Qc2 Bg4 10. dxe5 dxe5 11. O-O Nbd7 12. h3 Bh5 13. b4 e4 14. Nd4 Bxe2
15. Nxe2 Ne5 16. Bb2 Nd3 17. Rad1 c5 18. Bxf6 Qxf6 19. Nc3 Qe5 20. Nxe4 Qxe4 21.
Qxd3 Qe5 22. Qd5 Qb2 23. bxc5 Qxa3 24. Ra1 Qc3 25. Qxb7 a5 26. Rfc1 Qe5 27. Qd5
Qc7 28. Qd6 Rfc8 29. Qxc7 Rxc7 30. Ra4 Rxc5 31. Kf1 Rb8 32. Rc2 Kf8 33. Ke2 Rb3
34. Kd2 Ke7 35. Rca2 g6 36. Kc2 Rb7 37. Rb2 Rbc7 38. Kd3 Rd7+ 39. Kc3 Rd1 40.
Rb5 Rc1+ 41. Kd3 R1xc4 42. Rb7+ Rc7 43. Rxc7+ Rxc7 44. Rxa5 h5 45. Ke4 Rc2 46.
Kf3 Kf6 47. h4 Rb2 48. Ra1 Rc2 49. Re1 Ke5 50. Re2 Rc3 51. Kg3 Ra3 52. f3 Ra1
53. Rb2 Kf6 54. Kf4 Rh1 55. g3 Rf1 56. e4 Kg7 57. Rb6 Rf2 58. Rd6 Rf1 59. e5 Re1
60. Rd4 Re2 61. Re4 Rg2 62. Rb4 Re2 63. Rb5 Re1 64. Rb2 Rg1 65. Re2 Ra1 66. Ke3
Ra3+ 67. Kf2 Rb3 68. f4 Ra3 69. Re3 Ra1 70. Kf3 Ra4 71. Rd3 Rb4 72. g4 hxg4+ 73.
Kxg4 Rb1 74. Rd7 Rg1+ 75. Kf3 Re1 76. Rc7 Kf8 77. Rc2 Rh1 78. Kg3 Ke7 79. Rh2
Rg1+ 80. Rg2 Rf1 81. Kg4 f6 82. Ra2 fxe5 83. fxe5 Rf5 84. Ra7+ Kf8 85. e6 Re5
86. Rf7+ Kg8 87. Ra7 Rxe6 88. Kg5 Rb6 89. Kh6 Rc6 90. Rg7+ Kf8 91. Kh7 Rc4 92.
Rg8+ Kf7 1/2-1/2

[Event "Chigorin Memorial 2019"]
[Site "St Petersburg RUS"]
[Date "2019.10.07"]
[Round "3.27"]
[White "Al Hosani, Omran"]
[Black "Vlasenko, Miroslav"]
[Result "1/2-1/2"]
[WhiteTitle "FM"]
[BlackTitle "IM"]
[WhiteElo "2289"]
[BlackElo "2430"]
[WhiteFideId "9308733"]
[BlackFideId "4151887"]
[EventDate "2019.10.05"]

1. Nf3 c5 2. g3 b6 3. Bg2 Bb7 4. O-O Nf6 5. d3 e6 6. e4 d6 7. Nbd2 Be7 8. Qe2
Qc7 9. Re1 O-O 10. Nc4 Nc6 11. Bf4 e5 12. Bd2 Nd4 13. Qd1 Rad8 14. Nh4 d5 15.
exd5 Nxd5 16. c3 Ne6 17. Nf5 Bf6 18. Qe2 Ne7 19. Nxe7+ Qxe7 20. Be4 Bg5 21. Be3
f6 22. h4 Bxe3 23. Qxe3 Rfe8 24. a4 Bxe4 25. dxe4 g5 26. hxg5 Nxg5 27. Rad1 Qe6
28. Qe2 Qc6 29. b3 Qe6 30. Qh5 Kh8 31. Rd5 Rg8 32. Red1 Rxd5 33. exd5 Qf5 34.
Kf1 Qc2 35. Qe2 Qf5 36. Qh5 Qc2 37. Qe2 Qf5 38. Qh5 1/2-1/2

[Event "Chigorin Memorial 2019"]
[Site "St Petersburg RUS"]
[Date "2019.10.07"]
[Round "3.28"]
[White "Gusain, Himal"]
[Black "Galchenko, Vadim"]
[Result "1-0"]
[WhiteTitle "IM"]
[WhiteElo "2420"]
[BlackElo "2139"]
[WhiteFideId "5033861"]
[BlackFideId "24177334"]
[EventDate "2019.10.05"]

1. e4 e6 2. d4 d5 3. Bd3 dxe4 4. Bxe4 Nf6 5. Bf3 c5 6. Ne2 e5 7. dxe5 Qxd1+ 8.
Kxd1 Ng4 9. Bxg4 Bxg4 10. f3 Bf5 11. Ng3 Be6 12. Be3 Nc6 13. f4 O-O-O+ 14. Kc1
Bd5 15. Rg1 g6 16. Nc3 Bh6 17. Nf1 Rhe8 18. g4 g5 19. fxg5 Bg7 20. Bxc5 Rxe5 21.
Bf2 Rde8 22. Ng3 Rxg5 23. h4 Rge5 24. Nf5 Rxf5 25. gxf5 Bxc3 26. bxc3 Re2 27.
Rd1 Re5 28. f6 Na5 29. Rb1 Bxa2 30. Ra1 Be6 31. Bxa7 Nc4 32. Bf2 Re2 33. Bg3 b5
34. Ra7 Ne5 35. Bxe5 Rxe5 36. Rg1 1-0

[Event "Chigorin Memorial 2019"]
[Site "St Petersburg RUS"]
[Date "2019.10.07"]
[Round "3.29"]
[White "Poznyak, Nazar"]
[Black "Bodnaruk, Anastasia"]
[Result "1-0"]
[BlackTitle "IM"]
[WhiteElo "2124"]
[BlackElo "2415"]
[WhiteFideId "14159902"]
[BlackFideId "4181751"]
[EventDate "2019.10.05"]

1. d4 Nf6 2. c4 g6 3. Nc3 Bg7 4. g3 d5 5. cxd5 Nxd5 6. Bg2 Nxc3 7. bxc3 c5 8. e3
Qa5 9. Bd2 O-O 10. Ne2 Qa6 11. O-O Bd7 12. a4 Nc6 13. Nf4 Rac8 14. Re1 Na5 15.
Bf1 Qd6 16. c4 Nc6 17. dxc5 Qxc5 18. Rb1 b6 19. Bb4 Nxb4 20. Qxd7 Rfd8 21. Qb5
a5 22. Qxc5 bxc5 23. Red1 e6 24. h4 Kf8 25. Bg2 Ke7 26. Bf3 Rb8 27. Rxd8 Rxd8
28. Rd1 Rb8 29. Rb1 Be5 30. Ng2 Rb6 31. Ne1 Nd5 32. Rc1 Bb2 33. Rc2 Nc3 34. Nd3
Nxa4 35. Kg2 Rb3 36. Rd2 Bc3 37. Ra2 Bb4 38. Nxb4 Rxb4 39. Bc6 Nb2 40. Rxa5 Rxc4
41. Ra7+ Kf8 42. Ra8+ Kg7 43. Ra7 Nd3 44. Be8 Rc2 45. Rxf7+ Kg8 46. Rd7 c4 47.
Bf7+ Kh8 48. Bxe6 Nxf2 49. Kf3 Nd3 50. Rc7 c3 51. h5 gxh5 52. Bf5 Ne1+ 53. Kf4
Rf2+ 54. Kg5 Rg2 55. g4 c2 56. Kf6 c1=Q 57. Rxc1 Nc2 58. Rb1 Rxg4 59. Bxg4 hxg4
60. Rb8# 1-0

[Event "Chigorin Memorial 2019"]
[Site "St Petersburg RUS"]
[Date "2019.10.07"]
[Round "3.30"]
[White "Polschikov, Alexey"]
[Black "Kumargaliev, Marsel"]
[Result "1-0"]
[WhiteTitle "FM"]
[WhiteElo "2416"]
[BlackElo "2144"]
[WhiteFideId "24130583"]
[BlackFideId "34111023"]
[EventDate "2019.10.05"]

1. Nf3 Nf6 2. c4 g6 3. Nc3 Bg7 4. e4 O-O 5. d4 d6 6. Be2 e5 7. d5 a5 8. Bg5 h6
9. Bh4 Na6 10. Nd2 Bd7 11. O-O Qe8 12. b3 Nh7 13. Rb1 h5 14. f3 Bf6 15. Bf2 Qe7
16. Kh1 Bg5 17. a3 Bf4 18. Re1 Nc5 19. Qc2 Qg5 20. Nf1 a4 21. Bxc5 dxc5 22. g3
Be3 23. Nxe3 Qxe3 24. b4 cxb4 25. axb4 Bh3 26. Qd3 Qf2 27. Bf1 Bxf1 28. Rxf1 Qb6
29. c5 Qf6 30. Ra1 h4 31. Rxa4 hxg3 32. hxg3 Rxa4 33. Nxa4 Ra8 34. Nc3 Ra3 35.
d6 cxd6 36. cxd6 Nf8 37. Qd2 Qe6 38. Kg1 Qc4 39. Nd5 Kg7 40. Qb2 Qd4+ 41. Qxd4
exd4 42. Kg2 Nd7 43. f4 f6 44. Rd1 d3 45. Rd2 Kf7 46. Kf2 Ke6 47. Nc7+ Kf7 48.
Ke3 Rb3 49. Nd5 Ke6 50. Rxd3 Rxd3+ 51. Kxd3 Kxd6 52. Nxf6 Nxf6 53. e5+ Ke6 54.
exf6 Kxf6 55. Ke4 Ke6 56. b5 Kd6 57. g4 Kc5 58. f5 gxf5+ 59. Kxf5 1-0

[Event "Chigorin Memorial 2019"]
[Site "St Petersburg RUS"]
[Date "2019.10.07"]
[Round "3.32"]
[White "Tarasov, Ilya"]
[Black "Kryakvin, Dmitry"]
[Result "0-1"]
[BlackTitle "GM"]
[WhiteElo "2227"]
[BlackElo "2610"]
[WhiteFideId "24157945"]
[BlackFideId "4153278"]
[EventDate "2019.10.05"]

1. d4 e6 2. Nf3 c5 3. c3 Nf6 4. e3 d5 5. Bd3 Nbd7 6. Nbd2 Be7 7. O-O O-O 8. Re1
b6 9. e4 dxe4 10. Nxe4 Bb7 11. dxc5 Nxe4 12. Bxe4 Bxe4 13. Rxe4 Nxc5 14. Rd4 Qe8
15. Qe2 f6 16. Be3 e5 17. Rd5 Ne6 18. Rad1 Rc8 19. Qc2 Rf7 20. a4 Bf8 21. Qb3
Bc5 22. Qb5 Bxe3 23. Qxe8+ Rxe8 24. fxe3 Kf8 25. Kf1 Rc7 26. a5 bxa5 27. Rxa5
Rb8 28. Ra2 Nc5 29. Rd5 Ke7 30. Nd2 Ke6 31. c4 Nb3 32. Ra6+ Kf5 33. Ke2 Nxd2 34.
Rxd2 Rb4 35. Rc2 Rbxc4 36. Rxc4 Rxc4 37. Rxa7 Ke4 38. Kd2 Rb4 39. Kc3 Rb8 40. b4
Kxe3 41. Rxg7 e4 42. Rxh7 Rc8+ 43. Kb3 Re8 44. Rf7 Re6 45. Kc4 Kf2 46. Kd5 e3
47. Kxe6 e2 48. Kxf6 e1=Q 49. g4 Kf3 50. g5 Kf4 51. Kg6+ Kg4 52. h3+ Kxh3 53.
Kg7 Kg4 54. g6 Kg5 55. Rb7 Qa1+ 56. Kf7 Qf6+ 0-1

[Event "Chigorin Memorial 2019"]
[Site "St Petersburg RUS"]
[Date "2019.10.07"]
[Round "3.33"]
[White "Nikologorsky, Matfei"]
[Black "Gareyev, Timur"]
[Result "0-1"]
[BlackTitle "GM"]
[WhiteElo "2220"]
[BlackElo "2597"]
[WhiteFideId "24102474"]
[BlackFideId "14200937"]
[EventDate "2019.10.05"]

1. e4 e5 2. Nf3 Nc6 3. Bb5 a6 4. Ba4 Nf6 5. O-O Bc5 6. c3 b5 7. Bc2 d5 8. d4
dxe4 9. dxc5 Qxd1 10. Bxd1 exf3 11. Bxf3 Bb7 12. Nd2 O-O 13. Re1 Rad8 14. a4 Nd5
15. axb5 axb5 16. Nb3 b4 17. Na5 Nxa5 18. Rxa5 bxc3 19. Ra7 Bc6 20. bxc3 Rfe8
21. Bxd5 Rxd5 22. Rxc7 Rxc5 23. h3 h5 24. Ba3 Rc4 25. Bb4 Re6 26. f3 e4 27. fxe4
Rg6 28. Re2 Rxe4 29. Rf2 Re3 30. Kh2 f5 31. Re7 Reg3 32. Ree2 f4 33. Rd2 f3 34.
gxf3 Bxf3 35. h4 Be4 36. Rd4 Bg2 37. Rf8+ Kh7 38. Be7 Rh3+ 39. Kg1 Rh1+ 40. Kf2
Rf1+ 0-1